- Lamas, Marta,
Entry Nombre Personal
001 - NUMERO DE CONTROL
- campo de control: 41347
003 - IDENTIFICADOR DE NUMERO DE CONTROL
- campo de control: UPN
005 - FECHA Y HORA DE LA ÜLTIMA TRANSACCIÓN
- campo de control: 20220919094403.0
008 - DATOS DE LONGITUD FIJA
- campo de control de longitud fija: nabaccnnaabn|||||||||| b |nc|||||d
010 ## - NÚMERO DE CONTROL DE LA BIBLIOTECA DEL CONGRESO
- Número de control LC: nr 98018579
024 7# - OTROS IDENTIFICADORES NORMALIZADOS
- Fuente: viaf
- Número normalizado o código: 309782497
035 ## - NUMERO DE CONTROL
- Número de control: (OCoLC)oca04734129
040 ## - FUENTE DE CATALOGACIÓN
- Lenguaje de catalogación: spa
- Agencia de transcripción: NjP
- Agencia original de catalogación: NjP
- Agencia que lo modifica: MX-MxUI
- Agencia que lo modifica: DLC
- Agencia que lo modifica: HU
046 ## - FECHAS CON CODIFICACIÓN ESPECIAL
- Fuente del formato de fecha: edtf
- Fecha de nacimiento: 1947
100 1# - ENCABEZAMIENTO - NOMBRE PERSONAL
- Nombre personal: Lamas, Marta,
- Fechas asociadas con el nombre: 1947-
370 ## - LUGAR ASOCIADO
- Fuente del término: naf
- Place of birth: Ciudad de México (México)
- Associated country: México
372 ## - CAMPO DE ACTIVIDAD
- Fuente del término: lcsh
- Field of activity: Antropología
- Field of activity: Feminismo
373 ## - GRUPO ASOCIADO
- Fuente del término: naf
- Associated group: Universidad Nacional Autónoma de México
- Associated group: Escuela Nacional de Antropología e Historia (México)
- Associated group: Instituto Tecnológico Autónomo de México
374 ## - OCUPACIÓN
- Occupation: Profesora universitaria
- Occupation: Investigadora
374 ## - OCUPACIÓN
- Fuente del término: lcdgt
- Occupation: Antropóloga
- Occupation: Feminista
375 ## - GÉNERO
- Fuente del término: lcdgt
- Gender: femenino
377 ## - LENGUA ASOCIADA
- Language code: spa
378 ## - FORMA COMPLETA DE NOMBRE PERSONAL
- Fuller form of personal name: Lamas Encabo
400 1# - VEÁSE - NOMBRE DE PERSONA
- Personal name: Encabo, Marta Lamas,
- Dates associated with a name: 1947-
400 1# - VEÁSE - NOMBRE DE PERSONA
- Personal name: Lamas Encabo, Marta,
- Dates associated with a name: 1947-
670 ## - FUENTE EN LA QUE SE LOCALIZARON DATOS
- Cita de la fuente: LC
670 ## - FUENTE EN LA QUE SE LOCALIZARON DATOS
- Cita de la fuente: El género, 1996:
- Información localizada: portada (Marta Lamas)
670 ## - FUENTE EN LA QUE SE LOCALIZARON DATOS
- Cita de la fuente: El fulgor de la noche: el comercio sexual en las calles de la Ciudad de México, 2017:
- Información localizada: portada (Marta Lamas) solapa posterior (ethnologist degree from ENAH; doctorate in anthropology from UNAM; researcher in the Programa Universitario de Estudios de Género, UNAM, and prof. in the Depto. de Ciencia Política, ITAM)
670 ## - FUENTE EN LA QUE SE LOCALIZARON DATOS
- Cita de la fuente: Wikipedia, viewed May 11, 2017:
- Información localizada: (Marta Lamas Encabo; Ciudad de México, 1947. Antropóloga, profesora e investigadora de la Universidad Nacional Autónoma de México. Feminista destacada de México)
- Uniform Resource Identifier: https://es.wikipedia.org/wiki/Marta_Lamas
680 ## - NOTA PUBLICA DE ACCESO PÚBLICO
- Frase explicativa de la referencia: Antropóloga, profesora e investigadora mexicana y destacada feminista
902 ## - CATALOGADOR
- Catalogador: CAA/240518
902 ## - CATALOGADOR
- Catalogador: NDAF/190922
